000 01043nam a22002297a 4500
999 _c56334
_d56334
001 23447
003 GE_BSU
005 20260120191534.0
008 181216s1989||||ge |||||||||||||| ||geo||
040 _cGE_BSU
041 _ageo
080 _a94(37)(075.8) ს-26
100 _aსანიკიძე, ლევან
_926704
245 _aრომის გვიანდელი რესპუბლიკა :
_bდამხმ. სახელმძღვ. პედ. ინ-ტების სტუდენტებისათვის /
_cლევან სანიკიძე ; რედ. : ნ. ლომოური.
264 _aთბილისი :
_bგანათლება,
_c1970.
300 _a277 გვ. ;
_c22 სმ.
541 _h1ლ. 12თ.
653 _aრომის გვიანდელი რესპუბლიკა
653 _aძველი რომის ისტორია
700 _aლომოური, ნ.
_eრედაქტორი
_926705
942 _cBK
_2udc